Statistics for Test Cricket Highest Batting Averages

Click here to take the quiz!

General Stats

  • This quiz has been taken 45 times
  • The average score is 12 of 25

Answer Stats

Batting AverageCountryAnswer% Correct
99.94AustraliaDon Bradman
97%
63.24AustraliaSteve Smith
92%
52.88West IndiesBrian Lara
82%
53.78IndiaSachin Tendulkar
72%
57.78West IndiesGarfield Sobers
69%
60.97South AfricaGraeme Pollock
62%
57.40Sri LankaKumar Sangakkara
62%
55.37South AfricaJacques Kallis
59%
53.38IndiaVirat Kohli
56%
58.54EnglandWally Hammond
54%
58.67EnglandKen Barrington
51%
56.94EnglandJack Hobbs
49%
56.67EnglandLen Hutton
49%
60.73EnglandHerbert Sutcliffe
44%
61.87AustraliaAdam Voges
36%
60.83West IndiesGeorge Headley
36%
52.57PakistanJaved Miandad
36%
58.61West IndiesEverton Weekes
33%
56.68West IndiesClyde Walcott
26%
53.86AustraliaGreg Chappell
26%
59.23EnglandEddie Paynter
18%
54.20IndiaVinod Kambli
18%
54.20West IndiesCharlie Davis
13%
53.81South AfricaDudley Nourse
13%
55.00EnglandErnest Tyldesley
10%

Score Distribution

Percentile by Number Answered

Percent of People with Each Score

Your Score History

You have not taken this quiz